| 000 -LEADER |
| fixed length control field |
00574nam a2200217Ia 4500 |
| 001 - CONTROL NUMBER |
| control field |
16130 |
| 003 - CONTROL NUMBER IDENTIFIER |
| control field |
GE_BSU |
| 008 - FIXED-LENGTH DATA ELEMENTS--GENERAL INFORMATION |
| fixed length control field |
181216s||||||||xx |||||||||||||| ||und|| |
| 020 ## - INTERNATIONAL STANDARD BOOK NUMBER |
| International Standard Book Number |
0596004192 |
| 040 ## - CATALOGING SOURCE |
| Transcribing agency |
GE_BSU |
| 080 ## - UNIVERSAL DECIMAL CLASSIFICATION NUMBER |
| Universal Decimal Classification number |
004.42 |
| 100 ## - MAIN ENTRY--PERSONAL NAME |
| Personal name |
Oualline,Steve |
| 245 ## - TITLE STATEMENT |
| Title |
Practical C++Programming |
| 245 ## - TITLE STATEMENT |
| Statement of responsibility, etc. |
Editor robert Denn |
| 300 ## - PHYSICAL DESCRIPTION |
| Extent |
547p.23cm. |
| 653 ## - INDEX TERM--UNCONTROLLED |
| Uncontrolled term |
Practical C++Programming |
| 653 ## - INDEX TERM--UNCONTROLLED |
| Uncontrolled term |
ინფორმატიკა |
| 653 ## - INDEX TERM--UNCONTROLLED |
| Uncontrolled term |
საინფორმაციო ტექნოლოგიები |
| 942 ## - ADDED ENTRY ELEMENTS (KOHA) |
| Koha item type |
წიგნი |